[Event "5th Cesme Open 2017"]
[Site "Cesme"]
[Date "2017.06.13"]
[Round "2"]
[White "Benidze, Davit"]
[Black "Rzayev, Askar Aliakbar"]
[Result "1-0"]
[WhiteElo "2525"]
[BlackElo "2082"]
[Annotator "TA"]
[PlyCount "43"]
[EventType "swiss"]
[EventCountry "TUR"]
[SourceTitle "playchess.com"]
[Source "ChessBase"]
[SourceQuality "1"]

{[%evp 19,43,27,20,14,5,-10,122,114,114,125,255,243,295,287,282,283,409,344,513,528,754,754,729,710,810,797]} 1. Nf3 Nf6 2. g3 g6 3. b3 Bg7 4. Bb2 O-O 5. Bg2 d5 6. c4 c5 7. O-O Nc6 8. cxd5 Nxd5 9. Bxg7 Kxg7 10. Qc1 Qd6 11. Na3 {A05: Réti Opening: 1 Nf3 Nf6} (11. Nc3 Nxc3 12. dxc3 Rd8 13. Ng5 Bf5 14. e4 Bg4 15. f3 Bd7 16. f4 f6 17. e5 Qc7 18. Ne4 b6 19. exf6+ exf6 {1-0 (41) Bukavshin,I (2618)-Eliseev,U (2514) Loo 2015}) 11... b6 12. Nc4 Qd8 $146 {[#]} (12... Qf6 $11) ({Predecessor:} 12... Qd7 13. Qb2+ f6 14. d4 cxd4 15. Nxd4 Bb7 16. Rad1 Nxd4 17. Qxd4 Qb5 18. Bxd5 Rad8 19. Ne3 {1-0 (19) Naroditsky,D (2479)-Videnova,I (2313) Golden Sands 2012}) 13. d4 $1 $16 {[%mdl 512] White is better.} cxd4 14. Rd1 {Hoping for Qb2.} Nc3 (14... e6 $16) 15. Nxd4 $1 $18 Qxd4 16. Rxd4 Nxe2+ 17. Kh1 {[#] aiming for Qb2.} Ncxd4 (17... Nxc1 $142 18. Bxc6 Ne2) 18. Qb2 Bf5 (18... Rb8 $142 19. Re1 Kg8) 19. Re1 {White is clearly winning.} Rac8 20. Rxe2 Rfd8 21. Rd2 e5 22. Nxe5 1-0

[Event "5th Cesme Open 2017"]
[Site "Cesme"]
[Date "2017.06.13"]
[Round "2"]
[White "Shanava, Konstantine"]
[Black "Seyhanoglu, Deniz"]
[Result "1-0"]
[WhiteElo "2516"]
[BlackElo "2043"]
[Annotator "TA"]
[PlyCount "59"]
[EventType "swiss"]
[EventCountry "TUR"]
[SourceTitle "playchess.com"]
[Source "ChessBase"]
[SourceQuality "1"]

{[%evp 16,59,49,21,16,29,27,33,155,153,154,151,170,172,154,157,173,162,168,170,171,149,236,244,248,71,143,85,122,69,160,159,213,211,483,472,455,371,29988,29989,29989,29988,29988,29989,29989,29990]} 1. e4 c5 2. Nf3 e6 3. d4 cxd4 4. Nxd4 a6 5. Nc3 b5 6. Bd3 Qb6 7. Nb3 Qc7 8. O-O Bb7 9. Be3 Nf6 {B43: Sicilian: Kan Variation: 5 Nc3} 10. f4 {[%cal Bf2f4,Bf4f5,Bf5f6][%mdl 32]} d6 11. e5 b4 (11... dxe5 $14 12. fxe5 Nd5 13. Nxd5 Bxd5) (11... Nd5 12. Nxd5 Bxd5 13. exd6 Bxd6 14. Qh5 g6 15. Qh4 Nc6 16. c3 O-O 17. Nc5 {1-0 (51) Miranda Mesa,E (2416)-Gonzalez Zamora,J (2523) Merida 2014}) 12. exf6 $16 bxc3 13. f5 $1 {[%cal Rf5e6]} e5 14. fxg7 Bxg7 15. f6 $1 {[%cal Rf6g7]} (15. Qg4 $6 Bf6 $11) 15... Bf8 16. bxc3 Nd7 $146 {Black wants to play ...Rg8.} 17. Rf2 h5 18. Rb1 Bh6 (18... Qxc3 $16 19. Bd2 Qc8) 19. Bxh6 $1 $18 ({Don't play} 19. Qxh5 $6 Bxe3 20. Qxh8+ Nf8) 19... Rxh6 {[#]} 20. Na5 $2 (20. Nd4 $1 $18 {[%mdl 512]}) 20... Bd5 (20... Qxa5 $142 21. Rxb7 Rxf6) 21. c4 (21. Bf5 $142 Qxa5 22. c4 $1 {[%mdl 512]}) 21... Qxa5 22. cxd5 (22. Bf5 $16) 22... Qc5 {[#]} ({Better is} 22... Qxd5 $14 23. Qf1 Qd4) 23. Bf5 $1 $16 {[%cal Bd3f5,Bf5d7,Bd7g4,Bg4h5][%mdl 32]} Nxf6 (23... Kd8 $16 24. c4 Kc7) 24. Qd2 $18 Rh8 $2 (24... Rg6 25. h3 (25. Bxg6 fxg6 26. Qb4 Qxb4 $18) 25... Rg8) 25. Qg5 Nxd5 26. Rb7 {Threatening mate with Qg7.} Qe3 $2 (26... Nc7 $18 27. Be4 Rd8) 27. Qg7 {[%cal Rg7h8] White mates.} Rf8 28. Bd7+ Ke7 29. Bg4+ Ke8 30. Bxh5 {Precision: White = 82%, Black = 28%.} 1-0

[Event "5th Cesme Open 2017"]
[Site "Cesme"]
[Date "2017.06.13"]
[Round "2"]
[White "Rasulov, Vugar"]
[Black "Grigoriev, Armen"]
[Result "1/2-1/2"]
[WhiteElo "2508"]
[BlackElo "2105"]
[Annotator "TA"]
[PlyCount "125"]
[EventType "swiss"]
[EventCountry "TUR"]
[SourceTitle "playchess.com"]
[Source "ChessBase"]
[SourceQuality "1"]

{[%evp 16,125,28,10,28,-1,0,-7,-5,-4,0,0,2,7,9,10,12,-54,-45,-66,0,-14,0,0,0,0,0,-40,-34,-50,-39,-57,-59,-43,-39,-36,-24,-29,0,0,0,-4,0,-9,0,-6,0,-23,7,0,0,-15,0,0,0,0,0,0,0,0,0,0,0,0,0,0,0,-47,0,0,0,0,0,-71,-71,-71,-71,-71,-71,-71,-71,-71,-71,-71,-70,-70,-70,-70,-70,-70,-70,-70,-70,-70,-70,-70,-70,-70,-64,-64,-64,-69,-69,-69,-69,-69,-64,-64,-64,-64,-64,-68]} 1. e4 {[%cal Be2e4,Be4e5][%mdl 32]} Nf6 2. e5 Nd5 3. c4 Nb6 4. d4 d6 5. exd6 cxd6 6. Nf3 g6 7. Be2 Bg7 8. O-O O-O 9. Nc3 Bg4 {B04: Alekhine's Defence: 4 Nf3} 10. c5 dxc5 11. dxc5 Bxc3 $146 {The position is equal.} ({Predecessor:} 11... N6d7 12. Be3 Nc6 13. Qa4 Bxf3 14. Bxf3 Nde5 15. Bxc6 Nxc6 16. Rad1 Qa5 17. Qxa5 Nxa5 {½-½ (40) Munoz Pantoja,M (2471)-Zvjaginsev,V (2673) Barcelona 2016}) 12. bxc3 Qxd1 $1 13. Bxd1 N6d7 14. Ba3 Rc8 15. Re1 e6 16. Ng5 (16. h3 $11 Bxf3 17. Bxf3) 16... Bxd1 $15 17. Rexd1 b6 (17... Nf6 $1 $15) 18. Ne4 $11 bxc5 19. Rab1 Nb6 20. Bxc5 N8d7 21. Bd6 Rc4 22. Rd4 Rac8 23. Bb4 Rxd4 24. cxd4 Rc2 25. a3 h6 26. g3 Nd5 27. Bd6 N7b6 28. Bb8 a5 29. Be5 Rc8 30. Rb5 Ra8 31. Bd6 a4 32. Bc5 Nc4 33. Rb7 Rd8 {[#] Threatens to win with ...f5.} 34. f4 Ra8 (34... f5 $5 {[%cal Rf5e4]} 35. Nf2 Nc3 $11) 35. Kf2 Na5 36. Rd7 Rb8 37. Ra7 Rb2+ 38. Kg1 Nc4 39. Rxa4 Nce3 {And now ...Rg2+ would win.} 40. Ra8+ Kg7 41. h3 g5 42. fxg5 hxg5 43. Bd6 Nf5 44. Be5+ (44. a4 $11 {remains equal.}) 44... f6 $17 45. Nxf6 Nxf6 46. d5 Re2 47. Bxf6+ Kxf6 {[%mdl 4096] Endgame KRN-KR} 48. Ra6 Nd4 ({Of course not} 48... Nxg3 49. Rxe6+ Kf7 50. Rxe2 $11) 49. dxe6 Nxe6 50. a4 {Black is slightly better.} Ra2 51. a5 Ke5 {...Nd4 is the strong threat.} 52. Ra8 $1 Ke4 {Hoping for ...Kf3.} 53. Re8 Kf5 54. Ra8 Nc5 55. Rf8+ Ke4 {Strongly threatening ...Nd3.} 56. h4 Ne6 57. Re8 Kf5 {[#]} 58. g4+ $1 {[%mdl 512]} Kf6 (58... Kxg4 59. Rxe6) 59. hxg5+ Nxg5 60. Rf8+ Ke6 61. Rf5 Ne4 62. Rb5 Nd6 63. Rh5 {Precision: White = 65%, Black = 68%.} 1/2-1/2

[Event "5th Cesme Open 2017"]
[Site "Cesme"]
[Date "2017.06.13"]
[Round "2"]
[White "Sadikhov, Ulvi"]
[Black "Uzuner, Tufan Can"]
[Result "1-0"]
[WhiteElo "2483"]
[BlackElo "1998"]
[Annotator "TA"]
[PlyCount "111"]
[EventType "swiss"]
[EventCountry "TUR"]
[SourceTitle "playchess.com"]
[Source "ChessBase"]
[SourceQuality "1"]

{[%evp 10,111,38,25,31,9,14,6,47,41,85,98,92,80,85,90,85,97,104,95,117,115,114,114,118,120,121,110,162,120,131,91,85,22,79,34,130,112,168,163,175,157,162,106,140,139,134,110,162,103,172,183,179,177,196,199,175,151,264,242,237,266,259,254,341,335,342,322,270,217,198,147,393,377,458,440,1101,1014,1209,1126,1062,552,387,703,677,589,608,580,1238,1140,972,905,5193,5620,4706,2846,29970,5196,29982,29983,29986,29986,29988,29989]} 1. e4 c6 2. d4 d5 3. e5 Bf5 4. Nf3 e6 5. Be2 Ne7 6. c3 {LiveBook: 85 Games. B12: Caro-Kann: Advance Variation} (6. O-O c5 7. c3 Nec6 8. a3 Be7 9. b4 cxd4 10. cxd4 a6 11. Be3 O-O 12. Nbd2 Nd7 13. Ne1 b5 14. f4 Bg6 15. g4 {0-1 (48) Inarkiev,E (2727)-Hammer,J (2621) Moscow 2017}) 6... h6 7. Na3 Nd7 8. Nc2 $146 {The position is equal.} ({Predecessor:} 8. O-O a6 9. Nc2 c5 10. dxc5 Nxc5 11. Ne3 Bh7 12. Nd4 Qc7 13. f4 Be4 14. b4 Nd7 15. Bb2 Nf5 16. Ndxf5 exf5 {1-0 (33) Lewis,J (2267)-Deskin,G ICCF email 2009}) 8... g5 9. Ne3 Bg7 10. Nxf5 Nxf5 11. g4 Ne7 12. h4 gxh4 13. Nxh4 c5 14. Be3 Nc6 15. f4 {[%cal Bf2f4,Bf4f5,Bf5f6][%mdl 32]} cxd4 16. cxd4 Qb6 17. Qd2 O-O-O 18. f5 Rhe8 (18... Rhg8 $16) 19. f6 Bf8 20. O-O Kb8 21. Nf3 (21. Rab1 $16) 21... Rc8 (21... Bb4 $11 22. Qd3 Rg8) 22. Rac1 $16 Rc7 (22... Bb4 $14 23. Qd3 Ba5) 23. Rc2 $36 {[%mdl 2048] White is really pushing.} Rec8 (23... Bb4 $16 24. Qd3 Rg8) 24. Rfc1 $1 $18 Bb4 25. Qd3 Bf8 26. Qb5 (26. a3 $18) 26... a6 27. Qxb6 Nxb6 28. a3 $1 Na4 (28... Nd8 $16 {is a better defense.} 29. Rxc7 Rxc7) 29. b4 (29. Kf2 $1 $18) 29... b5 (29... Nd8 $16 30. Rxc7 Rxc7) 30. Kf2 $1 Nb6 31. Rh1 $1 Nc4 {[#]} 32. Bxc4 $1 dxc4 33. Bxh6 Bxb4 (33... Bxh6 $16 {was necessary.} 34. Rxh6 Rd7) 34. axb4 Nxb4 35. Re2 c3 36. Bc1 Nd3+ 37. Ke3 Nxc1 38. Rxc1 b4 39. Ne1 b3 40. Nd3 ({White should try} 40. d5 $18) 40... Ka7 $2 (40... c2 $16) 41. Nc5 Rxc5 42. dxc5 Rxc5 (42... c2 $142 43. Ree1 Rxc5) 43. Kd3 c2 44. Rcxc2 bxc2 45. Rxc2 {[%mdl 4096] Endgame KR-KR} Rd5+ 46. Ke4 Rd7 47. g5 Kb6 48. Rc8 a5 {Black hopes to continue with ...a4.} 49. Rf8 a4 {[#]} 50. Rxf7 $3 {[%mdl 512]} Rd1 (50... Rxf7 51. g6) 51. Rh7 Re1+ 52. Kd4 a3 53. Rh2 Rb1 54. f7 {White mates.} Rf1 55. g6 {[%cal Bg5g6,Bg6g7][%mdl 32]} Kb5 56. g7 {Precision: White = 80%, Black = 32%.} 1-0

[Event "5th Cesme Open 2017"]
[Site "Cesme"]
[Date "2017.06.13"]
[Round "2"]
[White "Drazic, Sinisa"]
[Black "Aydincelebi, Kagan"]
[Result "1-0"]
[WhiteElo "2426"]
[BlackElo "1992"]
[Annotator "TA"]
[PlyCount "67"]
[EventType "swiss"]
[EventCountry "TUR"]
[SourceTitle "playchess.com"]
[Source "ChessBase"]
[SourceQuality "1"]

{[%evp 9,67,0,0,-15,27,31,71,75,98,102,118,100,90,81,90,90,88,72,87,94,79,89,81,84,97,64,99,70,139,102,140,144,155,155,147,156,145,113,110,111,162,66,69,71,171,159,149,128,205,212,240,239,246,237,237,222,324,243,477,178]} 1. d4 Nf6 2. Bg5 Ne4 3. Be3 d5 4. f3 Nd6 5. Nc3 c6 6. Bf2 {A45: Trompowsky Attack} (6. Bf4 Bf5 7. e3 Qb6 8. Rb1 e6 9. Bd3 Bg6 10. h4 Nd7 11. h5 Bxd3 12. cxd3 {0-1 (45) Priasmoro,N (2324)-Vakhidov,T (2445) Penang 2015}) 6... g6 7. e4 dxe4 8. fxe4 {[%cal Bf3e4,Be4e5][%mdl 32] White is better.} Bg7 9. e5 $146 ({Predecessor:} 9. Nf3 O-O 10. e5 Ne8 11. Bc4 Nc7 12. Qd2 a5 13. a4 Nba6 14. O-O Nb4 15. Ne4 {1-0 (40) Curi,G (2332)-Adib,H Montevideo 2000}) 9... Nf5 10. Nf3 O-O 11. Bc4 a5 12. a4 Na6 13. O-O Nb4 14. Qe2 b6 15. g4 Nh6 16. h3 Ba6 17. b3 Kh8 18. Rad1 f6 ({Black should try} 18... Bxc4 $14 19. bxc4 f5) 19. e6 Qc7 20. Bxa6 Nxa6 21. Kg2 Rfd8 22. Bg3 Qb7 23. Kh2 Nb4 24. Rd2 Rac8 (24... Qa6 $16) 25. Rfd1 (25. Nd1 $18) 25... Nd5 $14 26. Nb1 b5 (26... f5 $16) 27. c4 $36 {[%mdl 2048] Black is under strong pressure.} bxc4 28. bxc4 Nb4 (28... Nb6 $16 {is a better defense.}) 29. Nc3 {[%cal Bb1c3,Bc3e4,Be4c5][%mdl 32]} Qa6 30. Ne4 Qa7 31. Nc5 Rf8 32. Kg2 Na6 (32... Ng8 {was worth a try.} 33. Rb2 Rfd8) 33. Rb1 Rfd8 $2 {[#]} (33... Nb4 34. Rdb2 Rfd8) 34. Rdb2 $2 {Precision: White = 61%, Black = 25%.} (34. Rb7 Qa8 35. Rxe7) 1-0

[Event "5th Cesme Open 2017"]
[Site "Cesme"]
[Date "2017.06.13"]
[Round "2"]
[White "Yildiz, Betul Cemre"]
[Black "Kocak, Can"]
[Result "1-0"]
[WhiteElo "2350"]
[BlackElo "1930"]
[Annotator "TA"]
[PlyCount "111"]
[EventType "swiss"]
[EventCountry "TUR"]
[SourceTitle "playchess.com"]
[Source "ChessBase"]
[SourceQuality "1"]

{[%evp 16,111,67,72,100,100,146,132,152,97,111,113,106,104,111,85,82,76,77,90,79,33,29,35,103,82,74,75,89,60,63,51,48,31,59,61,58,60,58,59,54,40,57,12,12,12,28,24,23,17,41,17,18,4,17,0,0,0,0,0,0,-4,29,0,12,0,0,0,0,0,0,0,21,0,59,31,76,8,61,54,338,305,329,318,441,405,453,105,579,496,1504,5081,4915,2425,2129,2030,29962,29962]} 1. d4 Nf6 2. c4 d6 3. Nc3 g6 4. e4 Bg7 5. f3 Nbd7 6. Be3 O-O 7. Qd2 e5 8. Nge2 a6 9. d5 Qe8 {E85: King's Indian: Sämisch: 6...e5} (9... Nh5 10. g4 Nf4 11. Nxf4 exf4 12. Bxf4 h5 13. Be2 hxg4 14. fxg4 Qh4+ 15. Bg3 Qh3 16. O-O-O Ne5 17. g5 {0-1 (30) Novikov,S (2513)-Naiditsch,A (2687) Tallinn 2016}) 10. g4 $146 ({Predecessor:} 10. Ng3 b6 11. Be2 Qe7 12. Bg5 Nc5 13. b4 Nb7 14. O-O Bd7 15. a4 a5 16. b5 Nc5 17. Rab1 {½-½ (40) Harutyunyan,T (1861)-Mircea,N Valencia 2009}) 10... Nc5 {[#]} 11. Ng3 $1 Rb8 {White is clearly better.} 12. g5 ({Better is} 12. Be2) 12... Nh5 $16 13. Nxh5 gxh5 14. O-O-O b5 15. Bxc5 dxc5 16. d6 cxd6 17. Qxd6 Be6 18. Nd5 (18. h4 {with more complications.} Qc8 19. Nd5 Kh8 20. Qc7 Qxc7 21. Nxc7 bxc4 22. Kc2) 18... Bxd5 19. Rxd5 Qe6 ({Black should try} 19... bxc4 $14 20. Qxc5 (20. Bxc4 Qa4 $17) 20... Qa4) 20. Qxe6 (20. h4 {seems wilder.} Rb6 21. Qxe6 fxe6 22. Rxc5 Rxf3 23. Be2) 20... fxe6 21. Rxc5 {[%cal Rc4b5]} Rxf3 22. cxb5 axb5 23. Bxb5 {Strongly threatening Bc4.} Bf8 24. Be2 $1 ({But not} 24. Rxe5 $2 Bd6 $19) 24... Re3 25. Rc2 Rxe4 26. Bxh5 Rh4 27. Be2 Be7 28. Kb1 Bxg5 29. Bc4 Kf7 $1 30. a4 {[%cal Ba2a4,Ba4a5,Ba5a6][%mdl 32]} (30. Rg1 $5 {[%cal Rg1g5]} Be3 31. Rd1 $11) 30... Be3 31. a5 Bd4 32. b3 Ke7 33. a6 e4 34. Rg2 e3 35. Kc2 Rf8 36. Re2 Rf2 37. h3 Bb6 38. Bd3 (38. Rhe1 $5 {[%cal Re2f2]}) 38... Rh5 39. Ra1 {[#] aiming for a7.} Ba7 40. Rg1 {Hoping for Rxf2.} Kf7 41. Rg3 Ra5 {And now ...Ra2+ would win.} 42. Kc3 $1 Rc5+ 43. Kb4 Rd5 44. Bc4 {Black must now prevent Rxf2+.} Re5 (44... Rxe2 $11 45. Bxe2 Rd2) 45. Rg4 Rh5 46. h4 ({White should play} 46. Re4 $16) 46... Rhf5 (46... Re5 $11) 47. Re4 $14 Rf6 $2 {[%mdl 8192]} (47... Rxe2 $14 48. Bxe2 Ke7) 48. R2xe3 $18 Bxe3 49. Rxe3 {[%mdl 4096] Endgame KRR-KRB} Ra2 50. Re5 Ke7 51. Rh5 $2 (51. Ra5 $18 Rh2 52. a7) 51... h6 $2 {[%mdl 8192]} (51... Kd6 $16 {is more resistant.}) 52. Ra5 Rff2 (52... Rh2 $142 53. a7 Rf8) 53. a7 Rxa5 54. Kxa5 Rf8 55. Bd3 Kd6 56. Be4 {Precision: White = 46%, Black = 36%.} 1-0

[Event "5th Cesme Open 2017"]
[Site "Cesme"]
[Date "2017.06.13"]
[Round "2"]
[White "Tarlabasi, Emirhan"]
[Black "Nevednichy, Vladislav"]
[Result "0-1"]
[WhiteElo "2152"]
[BlackElo "2533"]
[Annotator "TA"]
[PlyCount "56"]
[EventType "swiss"]
[EventCountry "TUR"]
[SourceTitle "playchess.com"]
[Source "ChessBase"]
[SourceQuality "1"]

{[%evp 17,56,18,19,-9,11,0,0,-16,-14,-59,-57,-63,-51,-57,-55,-50,-48,-51,-60,-69,-50,-43,-26,-85,-83,-89,-77,-103,-84,-81,-93,-255,-263,-506,-506,-490,-479,-929,-934,-833,-639]} 1. d4 g6 2. c4 Bg7 3. Nc3 d6 4. e4 e5 5. dxe5 dxe5 6. Qxd8+ Kxd8 7. Be3 Be6 8. Nf3 f6 9. O-O-O+ Nd7 10. Nd2 {A41: 1 d4 d6: Tartakower System and Modern Defence} (10. Ne1 Bh6 11. Nc2 c6 12. g3 Bxe3+ 13. Nxe3 Nh6 14. f4 Ke7 15. Be2 Bh3 16. b4 a5 17. a3 axb4 18. axb4 Be6 19. Kb2 Nb6 20. Ra1 Rhd8 21. Rxa8 Rxa8 22. fxe5 fxe5 23. Ra1 Rxa1 24. Kxa1 {½-½ (24) Aleksandrov,A (2592)-Yilmazyerli,M (2426) Gjakova 2016}) 10... c6 11. c5 Bh6 $146 ({Predecessor:} 11... Kc7 12. Bc4 Re8 {½-½ (12) Ju,W (2345)-Nguyen,T (2296) Teheran 2007}) 12. Bxh6 {The position is equal.} Nxh6 13. f3 Ke7 14. b4 a5 15. a3 axb4 16. axb4 b6 17. cxb6 Nxb6 18. Kc2 Rhd8 $36 {[%mdl 2048] Black has the initiative.} 19. Be2 Rd4 20. Rb1 {[#]} (20. b5 $11 {remains equal.}) 20... Nf7 $1 $17 21. b5 Rc8 {Hoping for ...cxb5.} 22. bxc6 Rxc6 {...Na4 is the strong threat.} 23. Bb5 Rc7 {Strongly threatening ...Nd6.} 24. Nb3 $2 {[#]} (24. Ba6 $17 Rd6 25. Bb5) 24... Nd6 $1 $19 {[%cal Rd6b5]} 25. Nc1 $2 (25. Bd3 Na4 26. Nxd4 exd4 27. Kd2 dxc3+ 28. Ke2) 25... Nbc4 {Black is clearly winning.} 26. Bxc4 Nxc4 27. Rb8 (27. N1e2 $142 Na3+ 28. Kb2 Nxb1 29. Nxd4 Nxc3 30. Nxe6 Kxe6 31. Rc1 Na4+ 32. Kb1) 27... Rd2+ 28. Kb1 Na3+ {Precision: White = 27%, Black = 90%.} 0-1

[Event "5th Cesme Open 2017"]
[Site "Cesme"]
[Date "2017.06.13"]
[Round "2"]
[White "Koc, Ilkay"]
[Black "Solodovnichenko, Yuri"]
[Result "0-1"]
[WhiteElo "2107"]
[BlackElo "2583"]
[Annotator "TA"]
[PlyCount "84"]
[EventType "swiss"]
[EventCountry "TUR"]
[SourceTitle "playchess.com"]
[Source "ChessBase"]
[SourceQuality "1"]

{[%evp 18,84,21,22,16,-31,-25,-30,-33,-41,-36,-57,-62,-56,-63,-65,-67,-63,-29,-64,-72,-71,-66,-99,-60,-59,-43,-62,-63,-67,-70,-66,-61,-58,-58,-112,-98,-117,-99,-227,-218,-209,-212,-206,-225,-206,-206,-240,-231,-284,-260,-268,-267,-252,-236,-269,-266,-336,-336,-425,-320,-485,-485,-485,-485,-521,-516,-502,-485]} 1. d4 d5 2. c4 e6 3. Nc3 Nf6 4. cxd5 exd5 5. Bg5 Be7 6. e3 c6 7. Bd3 h6 8. Bh4 O-O 9. Qc2 Re8 10. Nge2 Nh5 {D36: Queen's Gambit Declined: Exchange Variation: Main line (5 Bg5 c6 6 Qc2)} (10... Ne4 11. Bxe7 Qxe7 12. Bxe4 dxe4 13. Ng3 f5 14. O-O Qg5 15. Rae1 h5 16. Qb3+ Be6 17. Qxb7 Nd7 18. Nge2 Nf6 19. b3 h4 20. Nf4 Bf7 21. Rc1 {1-0 (31) Kuzubov,Y (2640)-Hayrapetyan,H (2489) Al Ain 2015}) 11. Bg3 Nd7 12. a3 Nxg3 $146 {Black has an edge.} ({Predecessor:} 12... Bh4 13. Nf4 Qg5 14. Bxh4 Qxh4 15. g3 Nxg3 16. fxg3 Qf6 17. O-O Qg5 {1-0 (37) Troeger,J-Frenzel,H Ruhla 1957}) 13. hxg3 Nf6 14. O-O Bd6 15. e4 dxe4 16. Nxe4 Nxe4 17. Bxe4 Qf6 18. Bf3 Bf5 19. Qd2 Re7 20. Nc3 Rd8 21. Rad1 Red7 22. Qc1 Qg5 23. d5 Qxc1 24. Rxc1 cxd5 {...Be7 is the strong threat.} 25. Nxd5 Be5 26. Rcd1 (26. Rfd1 $15 Be6 27. Nc3) 26... Bc2 $17 27. Rd2 {[#]} Bb3 $1 $36 {[%cal Rb3d5][%mdl 2048] Black has strong initiative.} 28. Ne7+ (28. Re1 $17 f6 29. Ne7+ Kf7 30. Rxd7 Rxd7 31. Nf5) 28... Kf8 $19 29. Rxd7 Rxd7 30. Nf5 Bxb2 31. Rb1 Rd2 32. Ne3 Ba2 33. Re1 Bxa3 34. Bxb7 a5 35. Bc6 {[#] And now Nf1 would win.} g6 36. Nf1 Rc2 37. Bb5 Rb2 38. Re8+ Kg7 39. Bd3 (39. Re2 {was worth a try.}) 39... Bc5 {Black is clearly winning.} 40. Ne3 a4 41. Ra8 Bb3 42. Ra5 Bb4 {Precision: White = 31%, Black = 75%.} 0-1

[Event "5th Cesme Open 2017"]
[Site "Cesme"]
[Date "2017.06.13"]
[Round "2"]
[White "Uzunoglu, Efe Kerem"]
[Black "Malakhatko, Vadim"]
[Result "0-1"]
[WhiteElo "2060"]
[BlackElo "2518"]
[Annotator "TA"]
[PlyCount "120"]
[EventType "swiss"]
[EventCountry "TUR"]
[SourceTitle "playchess.com"]
[Source "ChessBase"]
[SourceQuality "1"]

{[%evp 13,120,0,-6,-7,16,12,13,12,19,16,98,53,53,45,64,33,114,99,138,47,55,41,39,28,25,4,21,25,20,0,5,-33,9,0,0,-22,-16,-28,-20,-37,-26,-39,-33,-54,-30,-38,-50,-44,-30,-29,-28,-398,-387,-372,-373,-354,-100,-103,-95,-102,-37,-37,-37,-127,-131,-107,-52,-52,-53,-53,-53,-137,-137,-201,-141,-175,-164,-172,-158,-154,-154,-151,-151,-147,-150,-191,-140,-141,0,-193,-150,-179,-160,-173,-107,-146,-107,-143,-135,-135,-127,-135,-135,-135,-107,-359,-355,-389,-356]} 1. d4 g6 2. Nf3 Bg7 3. Bf4 d6 4. e3 Nd7 5. h3 e5 6. Bh2 Ne7 7. Be2 {A41: 1 d4 d6: Tartakower System and Modern Defence} O-O {LiveBook: 11 Games} 8. c4 (8. O-O Nf5 9. c3 e4 10. Nfd2 Re8 11. Re1 Nh4 12. Bg3 Qg5 13. Bf1 Nf6 14. Bf4 Qf5 {½-½ (55) Londyn,R (2422)-Kempinski,R (2600) Czech Republic 2017}) 8... b6 9. Nc3 {The position is equal.} Bb7 10. Rc1 h6 11. O-O g5 $146 (11... exd4 $11 12. Nxd4 a5) ({Predecessor:} 11... f5 12. c5 a6 13. cxd6 cxd6 14. Qb3+ Kh7 15. dxe5 dxe5 {1-0 (39) Ziegler,A (2315)-Karlsson,J (2107) Vaxjo 2017}) 12. b4 Ng6 13. Qc2 a5 14. a3 Nh4 ({Better is} 14... exd4 $14 15. Nxd4 axb4 16. axb4 Nh4) 15. Nxh4 $16 {And now Nf5 would win.} exd4 16. Nf5 (16. exd4 $16 gxh4 17. Nb5) 16... dxc3 $14 17. Nxg7 Kxg7 18. Qxc3+ Qf6 19. Qc2 axb4 20. axb4 Rfe8 21. Rfd1 Be4 22. Bd3 Bc6 23. Qe2 Ra4 24. Rb1 Rea8 25. Bg3 Ne5 26. Bxe5 Qxe5 27. Rd2 Ra3 28. Qg4 Ra1 29. Rxa1 Rxa1+ 30. Rd1 Ra4 (30... Bd7 $5 31. Qe2 Be6 $11) 31. Rb1 Ra3 32. Rd1 $2 {[%mdl 8192]} (32. Bf5 $11) 32... Ba4 $19 33. Rd2 Ra1+ 34. Bf1 Bb3 $2 (34... b5 $19 35. Rd5 Qc3 36. cxb5 Bb3 37. Qd4+ Qxd4 38. Rxd4 d5) 35. b5 $17 Rc1 36. Rd4 Qe6 (36... Re1 $17 {...Qc5 is the strong threat.} 37. h4 f5) 37. Qe2 $15 {Hoping for Qb2.} Qf5 38. e4 (38. Rd3 $15 Rb1 39. Rd4) 38... Qe5 $1 $17 {[%cal Re5d4]} 39. Qe3 Re1 (39... Rb1 $17 40. Qc3 Kh7) 40. Qxe1 $15 Qxd4 41. Qe2 Bd1 42. Qe1 (42. Qa2 $15) 42... Bc2 $36 {[%mdl 2048] Keeping White busy.} 43. Kh2 (43. Qb4 $17) 43... Bxe4 44. g3 Bf5 45. Kg1 Be6 46. Qc1 Kf6 47. h4 Kg6 ({Inferior is} 47... gxh4 48. Qxh6+ Ke7 49. Qxh4+ Qxh4 50. gxh4 $11) 48. hxg5 hxg5 49. Qc2+ Kf6 (49... Bf5 $19 50. Qa2 Qd1) 50. Qe2 Kg6 (50... Qc3 $17 51. Kg2 Qe5) 51. Qc2+ $1 $19 Bf5 $1 {[%cal Rf5c2]} 52. Qe2 Qe5 53. Qa2 {[#]} Kg7 ({Black should play} 53... Be4 $1 $19 54. Qe2 Qd4) 54. Qd2 Be6 55. Bd3 d5 56. cxd5 Bxd5 57. Bf1 Bb7 58. f4 Qc5+ 59. Kh2 $2 {[%mdl 8192] [#]} (59. Qf2 $17 {was the only defense.}) 59... g4 $1 60. Qb2+ Kg8 {Precision: White = 37%, Black = 48%.} 0-1